[Event "Warsaw-ch opA 62nd"]
[Site "Warsaw"]
[Date "2009.09.07"]
[Round "7"]
[White "Kowalik, Pawel"]
[Black "Ciechonski, Piotr"]
[Result "0-1"]
[WhiteElo "1857"]
[BlackElo "2122"]
[PlyCount "106"]
[EventDate "2009.08.31"]
[EventType "swiss"]
[EventRounds "9"]
[EventCountry "POL"]
[SourceTitle "CBM 132 Extra"]
[Source "ChessBase"]
[SourceDate "2009.11.03"]
[SourceVersion "1"]
[SourceVersionDate "2009.11.03"]
[SourceQuality "1"]

1. c4 e5 2. Nc3 Nf6 3. g3 d5 4. cxd5 Nxd5 5. Bg2 Be6 6. Nf3 Nc6 7. 0-0 f6 8. d4 exd4 9. Nxd4 Nxd4 10. Qxd4 Nxc3 11. Qxc3 c6 12. Bf4 Qb6 13. Be3 Qc7 14. Bc5 Bxc5 15. Qxc5 Qb6 16. b4 Qxc5 17. bxc5 0-0-0 18. e3 Rd2 19. a3 Rhd8 20. Bf3 Kc7 21. Rfd1 b6 22. cxb6+ axb6 23. Kf1 R8d3 24. Rxd2 Rxd2 25. Rd1 Ra2 26. Rc1 c5 27. Rc3 c4 28. Kg2 Kd6 29. g4 Kc5 30. Kg3 b5 31. Be4 g6 32. f4 Bxg4 33. Kxg4 f5+ 34. Kg5 fxe4 35. h4 Rg2+ 36. Kh6 b4 37. axb4+ Kxb4 38. Rc1 c3 39. Rb1+ Kc4 40. Rb7 Kd3 41. Rb3 Kxe3 42. Rxc3+ Kxf4 43. Kxh7 e3 44. Rc4+ Kf3 45. Rc3 Rg4 46. Kh6 Rxh4+ 47. Kxg6 Kf2 48. Rc7 Rf4 49. Kg5 Rf8 50. Rc2+ e2 51. Ra2 Kf1 52. Ra1+ e1Q 53. Rxe1+ Kxe1 0-1

[Event "Warsaw-ch opA 62nd"]
[Site "Warsaw"]
[Date "2009.09.07"]
[Round "5"]
[White "Kozera, Aleksandra"]
[Black "Ciechonski, Piotr"]
[Result "0-1"]
[WhiteElo "1788"]
[BlackElo "2122"]
[PlyCount "103"]
[EventDate "2009.08.31"]
[EventType "swiss"]
[EventRounds "9"]
[EventCountry "POL"]
[SourceTitle "CBM 132 Extra"]
[Source "ChessBase"]
[SourceDate "2009.11.03"]
[SourceVersion "1"]
[SourceVersionDate "2009.11.03"]
[SourceQuality "1"]

1. e4 c5 2. Nf3 d6 3. d4 cxd4 4. Nxd4 Nf6 5. Nc3 g6 6. Be3 Bg7 7. f3 0-0 8. Qd2 Nc6 9. Bc4 Bd7 10. 0-0-0 Ne5 11. Bb3 Qa5 12. Kb1 Rfc8 13. g4 Nc4 14. Bxc4 Rxc4 15. h4 Rac8 16. Nb3 Qe5 17. Bf4 Qe6 18. Bh6 Bh8 19. h5 b5 20. Rc1 Rxc3 21. bxc3 Qc4 22. hxg6 fxg6 23. Bg5 Be6 24. Qd3 Qa4 25. Bd2 Rc6 26. Kb2 b4 27. Ra1 Nxe4 28. fxe4 bxc3+ 29. Bxc3 Rxc3 30. Qxc3 Bxc3+ 31. Kxc3 Qxe4 32. Rae1 Qf3+ 33. Kb2 Bxg4 34. Rhf1 Qb7 35. Rf4 Bf5 36. a3 e5 37. Rf2 Kg7 38. Rg1 Kf6 39. Ka2 Qb6 40. Rgg2 h5 41. Nd2 d5 42. Nf3 Qe6 43. Ng5 Qc6 44. Nf3 Qc4+ 45. Kb2 Ke6 46. Re2 e4 47. c3 Bg4 48. Nd4+ Kd7 49. Ref2 e3 50. Rc2 Qd3 51. Rg3 Qe4 52. Rc1 0-1